MDQL
is popping MORE tags! Check the
thread
!
Quizzes
Events
Quiz Creation
Community
Videos
Private Events
Remove Ads
Sign In
Join for FREE
Feedback
Dark Mode
Quiz Categories
Sports
Geography
Music
Movies
Television
Just For Fun
Miscellaneous
History
Literature
Language
Science
Gaming
Entertainment
Religion
Holiday
For Kids
Quiz Lab
Recent
Popular Today
Quiz Kudos Today
Editor Picks
Curator Picks
Quizzes by...
Day
Popularity
Type
Ratings
Length
Year
Community
Subscriptions
Recent Discussions
Orange Saloon
Badges
Playlists
Quests
Create
Leaderboards
Showdown
Live 5
Trivia Bingo
Activity
Puzzle Library
Sporcle Events
Private Events
Virtual Trivia
Globe League
Become a Host
Pub Owners
SporcleCon
Opinionation
Our Games
Videos
Blog
Mobile Apps
Partnerships
Remove Ads and Go Orange
Feedback
Geography
Country
Landmarks
City
State
Population
World
Capital
Continent
Flags
Europe
Africa
Asia
South America
North America
Oceania
Border
Canada
United Kingdom
Topography
United States
Geography
Country
Landmarks
City
State
Population
World
Capital
Continent
Flags
Europe
Africa
Asia
South America
North America
Oceania
Border
Canada
United Kingdom
Topography
United States
Random Quiz
Search Sporcle
×
Quiz Lab
Quiz Lab
Geography
United States
Type in answers that appear in a list
Type in answers that appear in a list
Classic
Best Score? Go Orange.
Cities in Texas by letter Stats
Can you name the most populous cities in Texas starting with each letter?
By
Robzle
24m
188 Questions
360 Plays
360 Plays
360 Plays
Comments
Comments
Give Quiz Kudos
Give Quiz Kudos
-
- Ratings
hide this ad
More Info
Replay
Link that replays current quiz
Next Quiz
Link to next quiz in quiz playlist
You Got
0%
They Got
Avg Score
46%
Avg Friend Score
Upgrade to see
Score Distribution
Jump to the score distribution portion of the page
Score
0/188
Timer
24:00
0
Plays Today
Letter
City
% Correct
A
Austin
96.9%
D
Dallas
94.7%
E
El Paso
94.2%
F
Fort Worth
94.2%
A
Arlington
93.9%
C
Corpus Christi
93.6%
H
Houston
93.6%
A
Amarillo
93.1%
B
Brownsville
92.5%
L
Lubbock
92.2%
S
San Antonio
92.2%
I
Irving
90.6%
L
Laredo
90.3%
P
Plano
90.3%
G
Garland
89.4%
W
Waco
89.2%
A
Abilene
88.9%
B
Beaumont
87.8%
K
Killeen
87.8%
M
Midland
87.5%
O
Odessa
87.2%
D
Denton
86.7%
G
Grand Prairie
84.4%
T
Tyler
83.6%
M
McAllen
83.3%
F
Frisco
83.1%
G
Galveston
83.1%
P
Pasadena
82.8%
R
Round Rock
82.8%
C
College Station
81.4%
M
McKinney
80.6%
A
Allen
80.3%
S
San Angelo
79.7%
W
Wichita Falls
79.2%
M
Mesquite
78.9%
C
Carrollton
78.1%
R
Richardson
77.5%
N
New Braunfels
75.8%
V
Victoria
75%
S
Sugar Land
74.7%
P
Pearland
74.2%
B
Bryan
73.6%
T
Texarkana
72.8%
E
Edinburg
72.5%
L
Lewisville
72.5%
L
League City
68.9%
P
Port Arthur
68.9%
T
Texas City
65.8%
B
Baytown
65.6%
E
Elsa
65.3%
T
Temple
64.4%
N
North Richland Hills
64.2%
L
Longview
63.9%
Q
Quanah
63.9%
E
Euless
63.3%
C
Conroe
63.1%
D
Del Rio
62.8%
M
Missouri City
62.5%
H
Harlingen
62.2%
G
Georgetown
61.7%
P
Pharr
61.7%
J
Jacksonville
61.4%
F
Flower Mound (town)
61.1%
Letter
City
% Correct
S
San Marcos
60.8%
M
Mission
60.3%
P
Paris
59.7%
D
DeSoto
59.2%
G
Grapevine
58.6%
E
Elgin
58.3%
B
Bedford
56.7%
N
Nacogdoches
56.1%
P
Pflugerville
55.8%
S
Sherman
55.3%
C
Cedar Park
55%
U
University Park
54.7%
K
Katy
54.4%
U
Uvalde
54.2%
R
Rowlett
52.2%
M
Mansfield
51.9%
D
Duncanville
51.4%
E
Edna
51.4%
K
Kyle
50.6%
G
Greenville
50%
H
Huntsville
50%
T
Terrell Hills
50%
K
Keller
49.4%
R
Rockwall
49.4%
W
Waxahachie
49.4%
L
Lufkin
48.9%
H
Haltom City
48.3%
E
Eagle Pass
48.1%
C
Cedar Hill
47.5%
H
Hurst
47.2%
F
Farmers Branch
46.9%
W
Wylie
46.7%
K
Kingsville
46.1%
F
Friendswood
45.8%
O
Orange
45.8%
D
Denison
45.6%
U
Universal City
45.3%
A
Alamo
45%
B
Burleson
45%
A
Alvin
42.5%
T
The Colony
42.5%
W
Weslaco
42.2%
B
Big Spring
41.7%
P
Plainview
41.1%
L
Little Elm
40.8%
C
Coppell
40.6%
L
Leander
40%
E
El Campo
38.9%
W
Weatherford
38.3%
S
San Juan
38.1%
L
Lancaster
36.9%
D
Deer Park
36.7%
G
Gainesville
36.4%
V
Vernon
36.4%
K
Kerrville
34.7%
J
Jacinto City
34.4%
S
Schertz
33.9%
N
Nederland
32.8%
R
Rosenberg
32.5%
L
La Porte
32.2%
T
Taylor
31.9%
N
Northlake (town)
31.9%
C
Copperas Cove
31.7%
Letter
City
% Correct
S
Socorro
31.7%
M
Midlothian
31.4%
E
Ennis
31.1%
C
Cleburne
30.8%
H
Hewitt
30.6%
S
Southlake
30%
V
Vidor
30%
Y
Yoakum
29.7%
W
White Settlement
29.4%
B
Balch Springs
29.2%
J
Jasper
28.6%
R
Rio Grande City
28.6%
T
Terrell
28.6%
A
Alice
28.3%
P
Prosper (town)
28.3%
M
Marshall
27.8%
H
Harker Heights
27.2%
S
Seguin
27.2%
B
Belton
25.8%
C
Cibolo
25.8%
H
Horizon City
25.8%
D
Dickinson
25%
B
Benbrook
23.9%
A
Angleton
22.8%
D
Dumas
22.8%
H
Humble
22.8%
D
Donna
22.2%
R
Richmond
22.2%
H
Hutto
21.9%
K
Kilgore
21.1%
P
Portland
20%
I
Iowa Park
19.2%
J
Jersey Village
18.6%
T
Tomball
18.6%
A
Alton
18.1%
W
West University Place
18.1%
I
Ingleside
17.5%
W
Watauga
16.9%
K
Kaufman
16.7%
F
Fredericksburg
16.7%
J
Joshua
16.7%
M
Murphy
16.1%
N
Navasota
16.1%
G
Gatesville
15.6%
E
Everman
15.3%
I
Iowa Colony (village)
15.3%
N
Nassau Bay
15.3%
R
Red Oak
13.9%
R
Robinson
13.9%
T
Trophy Club
13.9%
K
Kennedale
12.5%
W
Webster
12.5%
F
Fate
12.5%
F
Fulshear
12.5%
F
Forest Hill
12.5%
N
Nolanville
12.5%
R
Royse City
12.5%
F
Forney
12.2%
K
Kirby
12.2%
G
Glenn Heights
11.9%
Z
Zavalla
11.1%
G
Groves
10.6%
Quiz Playlist
Details
Report
Send in Message
Add To Playlist
More Info:
The city population as of April 1, 2020, as enumerated by the 2020 United States census. Incorporated towns (and a village) are also considered.
Classic:
Type in answers that appear in a list
Quiz Source
Last Updated: Oct 27, 2023
Quiz Scoreboard
CHALLENGE
Sign Up to Join the Scoreboard
Show All
Scores
Hide
Comments
May contain spoilers
Recently Published
Find the 'City' Movie
by crazypaving
Movies
60s
5x2 Blitz: Bands
by SL_Kpop136
Music
30s
Colored Red Africa Blitz
by spor1
Geography
30s
More to Explore
Quiz From the Vault
Featured Blog Post
14 Easter Pick-up Lines to Find Eggs With
hide this ad
You Might Also Like...
Tags
City Quiz
Letter Quiz
Population Quiz
United States Quiz
largest
Starting
Texas
US Cities
US City
Today's Top Quizzes in Geography
Browse Geography
hide this ad
Today's Top Quizzes in United States
Browse United States
Top Contributed Quizzes in Geography
1
Countries of the World - No Outlines Minefield
2
Colored Red Africa Blitz II
3
Colored Red Europe Blitz I
4
Colored Red Europe Blitz II
5
Colored Red Africa Blitz III
6
Colored Red Europe Blitz III
7
Colored Red States Blitz II
8
Country Trivia Logic Puzzle II
9
Colored Red States Blitz I
10
List All 50 US States
Explore More
Trending Topics
Harry Potter
Anime
NBA
Crossword
Kpop
Disney
Marvel
Soccer
Country
Pokémon
Puzzle
WWE
The Office
Song
NFL
hide this ad
More By:
Robzle
Quiz
Plays
Rating
Category
Featured
Created
100k 'C' US Cities
11,906
4.66
Geography
Jun 2, 2017
100k 'A' US Cities
11,328
4.79
Geography
Jun 2, 2017
100k 'M' US Cities
8,575
4.67
Geography
Jun 3, 2017
100k 'B' US Cities
8,478
4.89
Geography
Jun 1, 2017
Quick Pick: Islands of the United Kingdom
8,439
4.65
Just For Fun
May 2, 2018
Go to Creator's Profile
Score Distribution
Quiz Creator Spotlight
Robzle
Follow
Send a Message
Quizzes Created
-
Created Quiz Play Count
-
More By This Creator
Popular Quizzes Today
1
5x2 Blitz: Bands
2
Find the 'City' Movie
3
Colored Red Africa Blitz
4
Find the US States - No Outlines Minefield
5
The Countries of the World
6
Find the US States
7
9x9 Crossword: Cartoon Network
8
US States
More Geography Quizzes
First Letter US States Blitz
Published
Trending Quizzes
Colored Red Africa Blitz II
Colored Red Europe Blitz I
Christmas Pick: Judaism
Colored Red Africa Blitz III
Colored Red Europe Blitz II
Recently Updated
Champions League XIs: Real Madrid
pecheneg
Largest US Cities 1790-2010
pecheneg
Rides in Walt Disney World
pecheneg
Most Oscar Losses (Acting)
pecheneg
Beyoncé Albums
pecheneg
Leaping Animals
pecheneg
Reality TV Shows (A-Z)
bhenderson79
Rickey Henderson's Hall of Fame Teammates
pecheneg
Champions League XIs: Arsenal
pecheneg
Quick Pick: Celebrities in WWE's Hall of Fame
aduchscher
Trending Topics
NBA
Kpop
Marvel
Disney
Harry Potter
Crossword
Anime
WWE
Song
Country
Soccer
The Office
NFL
Pokémon
Puzzle
Your Account Isn't Verified!
In order to create a playlist on Sporcle, you need to verify the email address you used during registration. Go to your
Sporcle Settings
to finish the process.
Report this User
Report this user for behavior that violates our
Community Guidelines
.
Details:
Send Report
Go to the Sporcle.com Mobile Site →
Comments